<?xml version="1.0" encoding="UTF-8"?>
<record
    xmlns:xsi="http://www.w3.org/2001/XMLSchema-instance"
    xsi:schemaLocation="http://www.loc.gov/MARC21/slim http://www.loc.gov/standards/marcxml/schema/MARC21slim.xsd"
    xmlns="http://www.loc.gov/MARC21/slim">

  <leader>01524nam a22001697a 4500</leader>
  <controlfield tag="008">151030b        xxu||||| |||| 00| 0 eng d</controlfield>
  <datafield tag="020" ind1=" " ind2=" ">
    <subfield code="a">9789350591581</subfield>
  </datafield>
  <datafield tag="050" ind1=" " ind2=" ">
    <subfield code="a">REF</subfield>
  </datafield>
  <datafield tag="100" ind1=" " ind2=" ">
    <subfield code="a">Prasad, Jagannath</subfield>
  </datafield>
  <datafield tag="245" ind1=" " ind2=" ">
    <subfield code="a">Recent human anatomy: regional and clinical. /</subfield>
    <subfield code="c">Jagannath Prasad</subfield>
  </datafield>
  <datafield tag="250" ind1=" " ind2=" ">
    <subfield code="a">vol. 3</subfield>
  </datafield>
  <datafield tag="260" ind1=" " ind2=" ">
    <subfield code="a">New Delhi:</subfield>
    <subfield code="b">Macmillan,</subfield>
    <subfield code="c">2012.</subfield>
  </datafield>
  <datafield tag="300" ind1=" " ind2=" ">
    <subfield code="a">xviii, 457p.</subfield>
    <subfield code="b">ills.;</subfield>
    <subfield code="c">28cm.</subfield>
  </datafield>
  <datafield tag="500" ind1=" " ind2=" ">
    <subfield code="a">Includes index</subfield>
  </datafield>
  <datafield tag="505" ind1=" " ind2=" ">
    <subfield code="a">Contents: Head and neck: Development of pharyngeal arches(branchial arches) -- Bones(skeleton) and surface landmarks of the head and neck -- Scalp, face and parotid region -- The neck and cervical fascia -- Back of the neck -- Posterior triangle of the neck(side of the neck) -- Cranial cavity -- Vertebral canal -- Temporal and infratemporal regions -- Anterior triangle of the neck -- Submandibular region -- Ductless glands -- Vessels of the neck -- Nerves of the neck -- Prevertebral and paravertebral regions -- Digestive system in head and neck -- Respiratory system in head and neck -- Respiratory system in head and neck -- System of special senses -- Central nervous system (brain and spinal cord): Development of brain and spinal cord -- Gross anatomy of brain -- Base of the brain -- Cerebral hemisphere -- White matter of cerebral hemisphere -- Diencephalon -- Basal nuclei (basal ganglia) of cerebral hemisphere -- Brain stem -- Cerebellum -- Ventricles of the brain and cerebro-spinal fluid (C.S.F) -- Spinal cord -- Tracts of the brain and spinal cord.</subfield>
  </datafield>
  <datafield tag="942" ind1=" " ind2=" ">
    <subfield code="2">lcc</subfield>
    <subfield code="c">BK</subfield>
  </datafield>
  <datafield tag="999" ind1=" " ind2=" ">
    <subfield code="c">5823</subfield>
    <subfield code="d">13323</subfield>
  </datafield>
  <datafield tag="952" ind1=" " ind2=" ">
    <subfield code="0">0</subfield>
    <subfield code="1">0</subfield>
    <subfield code="2">lcc</subfield>
    <subfield code="4">0</subfield>
    <subfield code="7">0</subfield>
    <subfield code="a">WIUC-1</subfield>
    <subfield code="b">WIUC-1</subfield>
    <subfield code="c">NURS L.</subfield>
    <subfield code="d">2015-10-30</subfield>
    <subfield code="l">0</subfield>
    <subfield code="o">REF</subfield>
    <subfield code="p">NURS/246/15</subfield>
    <subfield code="r">2015-10-30 00:00:00</subfield>
    <subfield code="t">1</subfield>
    <subfield code="w">2015-10-30</subfield>
    <subfield code="y">BK</subfield>
  </datafield>
  <datafield tag="952" ind1=" " ind2=" ">
    <subfield code="0">0</subfield>
    <subfield code="1">0</subfield>
    <subfield code="2">lcc</subfield>
    <subfield code="4">0</subfield>
    <subfield code="7">0</subfield>
    <subfield code="a">WIUC-1</subfield>
    <subfield code="b">WIUC-1</subfield>
    <subfield code="c">NURS L.</subfield>
    <subfield code="d">2015-10-30</subfield>
    <subfield code="l">0</subfield>
    <subfield code="o">REF</subfield>
    <subfield code="p">NURS/247/15</subfield>
    <subfield code="r">2015-10-30 00:00:00</subfield>
    <subfield code="t">2</subfield>
    <subfield code="w">2015-10-30</subfield>
    <subfield code="y">BK</subfield>
  </datafield>
  <datafield tag="952" ind1=" " ind2=" ">
    <subfield code="0">0</subfield>
    <subfield code="1">0</subfield>
    <subfield code="2">lcc</subfield>
    <subfield code="4">0</subfield>
    <subfield code="7">0</subfield>
    <subfield code="a">WIUC-KL</subfield>
    <subfield code="b">WIUC-KL</subfield>
    <subfield code="c">NURS L.</subfield>
    <subfield code="d">2019-06-19</subfield>
    <subfield code="o">QM23.2.P911</subfield>
    <subfield code="p">KSN/098/19</subfield>
    <subfield code="r">2020-03-12 00:00:00</subfield>
    <subfield code="w">2020-03-12</subfield>
    <subfield code="y">BK</subfield>
  </datafield>
</record>
